000 00413nam a2200133Ia 4500
008 211122s9999||||xx |||||||||||||| ||und||
082 _a398
_bNAR-F
100 _aNarayanan, Aju K
245 0 _aFolklore Paatangal Patanangal
260 _bSahitya Pravarthaka Co-Operative Society
_aKottayam
630 _xGeneral Stack
650 _aMalayalam
_vSOCIAL SCIENCECUSTOMS, ETIQUETTE & FOLKLOREFOLKLORE
942 _cBOOK
999 _c127312
_d127312